000 00811nam a2200265Ia 4500
003 OSt
005 20220924115227.0
006 a|||||r|||| 00| 0
007 ta
008 220923b |||||||| |||| 00| 0 san d
020 _a8187332993 (hbk)
020 _cINR 700.00
024 _a336253
037 _b337, 10/02/2018, Eastern Book Linkers
_cTextual
040 _aARTS
_cARTS
_bsan
041 _2san
_asan
082 _aDelta2wNA, 152Q7
100 _aJha Sundernarayan Ed.
_9177286
245 0 _aShri jagdish vedodhan shorbham
260 _aDelhi
_bAmar Granth Publications India
_c2017
300 _a518p.
_ccm.
650 _aSPIRurdALISM
942 _hDelta2wNA, 152Q7
_cTEXL
_2CC
999 _c397333
_d397333